Central Library OPAC University of Rajshahi

Philosophy & political action : (Record no. 1671)

MARC details
000 -LEADER
fixed length control field 01207cam a2200325 4500
001 - CONTROL NUMBER
control field 1671
003 - CONTROL NUMBER IDENTIFIER
rucl marc code BD-RjUL
005 - DATE AND TIME OF LATEST TRANSACTION
control field 20211208233402.0
008 - FIXED-LENGTH DATA ELEMENTS--GENERAL INFORMATION
fixed length control field 131208s1972 nyu b 001 0 eng
020 ## - INTERNATIONAL STANDARD BOOK NUMBER
International Standard Book Number 0195015037
035 ## - SYSTEM CONTROL NUMBER
System control number (BD-RjUL)1698
040 ## - CATALOGING SOURCE
Original cataloging agency DLC
Transcribing agency DLC
Modifying agency DLC
-- BD-RjUL
Language of cataloging eng
041 ## - LANGUAGE CODE
Language code of text/sound track or separate title eng
082 00 - DEWEY DECIMAL CLASSIFICATION NUMBER
Classification number 322.4
Author mark and year PHI 1972
245 00 - TITLE STATEMENT
Title Philosophy & political action :
Remainder of title essays edited for the New York Group of the Society for Philosophy and Public Affairs /
Statement of responsibility, etc. edited by Virginia Held, Kai Nielsen and Charles Parsons.
260 ## - PUBLICATION, DISTRIBUTION, ETC. (IMPRINT)
Place of publication, distribution, etc. New York :
Name of publisher, distributor, etc. Oxford University Press,
Date of publication, distribution, etc. c1972.
300 ## - PHYSICAL DESCRIPTION
Pagination x, 282 p. ;
Size 21 cm.
504 ## - BIBLIOGRAPHY, ETC. NOTE
Bibliography, etc Includes bibliographical references.
Bibliography, etc Includes index.
650 #0 - SUBJECT ADDED ENTRY--TOPICAL TERM
Topical term or geographic name as entry element Government, Resistance to
Geographic subdivision United States.
9 (RLIN) 5535
Topical term or geographic name as entry element Community and college
Geographic subdivision United States.
9 (RLIN) 5536
651 #0 - SUBJECT ADDED ENTRY--GEOGRAPHIC NAME
Geographic name United States
General subdivision Politics and government
Chronological subdivision 1945-1989.
9 (RLIN) 5537
700 1# - ADDED ENTRY--PERSONAL NAME
Personal name Held, Virginia,
Relator term ed.
Personal name Nielsen, Kai,
Dates associated with a name 1926-
Relator term ed.
Personal name Parsons, Charles,
Dates associated with a name 1933-
Relator term ed.
710 2# - ADDED ENTRY--CORPORATE NAME
Corporate name or jurisdiction name as entry element Society for Philosophy and Public Affairs.
Subordinate unit New York Group.
9 (RLIN) 5541
942 ## - ADDED ENTRY ELEMENTS (KOHA)
Source of classification or shelving scheme Dewey Decimal Classification
Koha item type Books
Holdings
Lost status Source of classification or shelving scheme Damaged status Not for loan Collection code Permanent Location Current Location Shelving location Date acquired Source of acquisition Cost, normal purchase price Total Checkouts Full call number Date last seen Copy number Koha item type
  Dewey Decimal Classification   Not For Loan Non-fiction Central Library, University of Rajshahi Central Library, University of Rajshahi Reading Room 29/11/1975 Gonathen 1.40   322.4 PHI 1972 08/12/2013 C-1 Books
  Dewey Decimal Classification     Non-fiction Central Library, University of Rajshahi Central Library, University of Rajshahi   29/11/1975 Jonathan ware and com. 1.40   322.4 PHI 1972 12/04/2014 C-6 Books
  Dewey Decimal Classification     Non-fiction Central Library, University of Rajshahi Central Library, University of Rajshahi   29/11/1975 Jonathan ware and com. 1.40   322.4 PHI 1972 12/04/2014 C-4 Books
  Dewey Decimal Classification     Non-fiction Central Library, University of Rajshahi Central Library, University of Rajshahi   29/11/1975 Gonathan Wren & Co. 1.40   322.4 PHI 1972 13/04/2014 C-2 Books
  Dewey Decimal Classification     Non-fiction Central Library, University of Rajshahi Central Library, University of Rajshahi   29/11/1975 Jonhanathan wren & co. 1.40   322.4 PHI 1972 15/04/2014 C-3 Books
  Dewey Decimal Classification     Non-fiction Central Library, University of Rajshahi Central Library, University of Rajshahi   29/11/1975 gonathan 1.40   322.4 PHI 1972 24/04/2014 C-5 Books
  Dewey Decimal Classification     Non-fiction Central Library, University of Rajshahi Central Library, University of Rajshahi   29/11/1975 gonathan 1.40   322.4 PHI 1972 24/04/2014 C-7 Books